Statistics for Decipher the Coded Countries

Click here to take the quiz!

General Stats

  • This quiz has been taken 33,185 times
  • The average score is 9 of 12

Answers on the Map

Answers color-coded by a green-red scale on the quiz's map according to % correct below.
 

Answer Stats

Country% Correct
India
99%
Romania
89%
Morocco
82%
Panama
79%
Greece
78%
Tonga
78%
Gabon
76%
Portugal
76%
Latvia
73%
Uruguay
73%
Vietnam
71%
Kenya
68%

Score Distribution

Percentile by Number Answered

Percent of People with Each Score

Your Score History

You have not taken this quiz